000 00758nam a22002297a 4500
003 BD-DhJNU
005 20250629035554.0
008 250629b |||||||| |||| 00| 0 eng d
020 _a0395472873
040 _aBD-DhJNU
_bENG
_cBD-DhJNU
_dBD-DhJNU
082 _223
_a321.8 JAC
100 _aJanda, Kenneth
245 _aThe challenge of democracy :
_bgovernment in America /
_cKenneth Janda, Jeffrey M. Berry and Jerry Goldman
250 _a3rd ed.
260 _aBoston :
_bHoughton Mifflin,
_c1992.
300 _axxiii, 759, 96p. :
_bill. ;
_c26 cm.
504 _aIncludes bibliographical references and index
650 _aUnited States
_xPolitics and Government
700 _a Berry, Jeffrey M.
700 _aGoldman, Jerry
942 _2ddc
_cBK
_n0
999 _c1839
_d1839